Феномен еміграції : досвід філософської рефлексії (Запис № 442383)

МАРК-запис
000 -Лідер
fixed length control field 01844 a2200253 4500
003 - Ідентифікатор контрольного номера
control field UA-OsUOA
005 - Дата та час останнього входження (трансакції)
control field 20191223223708.0
008 - Елементи даних фіксованої довжини – загальна інформація
fixed length control field 191002b un ||||| |||| 00| 0 ukr d
020 ## - Міжнародний стандартний книжковий номер (ISBN)
Міжнародний стандартний книжковий номер (ISBN) (НП) 9789661771573
040 ## - Джерело каталогізації
Агенція оригінальної каталогізації UA-OsUOA
Мова каталогізації ukr
Агенція, яка здійснювала перезапис UA-OsUOA
Агенція, яка здійснювала модифікацію UA-OsUOA
041 ## - Код мови
Код мови тексту/ звукової доріжки чи окремого заголовка (П) ukr
080 ## - Індекс Універсальної десяткової класифікації
Індекс Універсальної десяткової класифікації (УДК) (НП) 140.8
090 ## - Локальний шифр розміщення
Класифікаційний індекс УДК 140.8
Авторський знак (НП) Ц61
100 ## - Основне введення – ім’я особи
Ім’я особи (НП) Цимбал Т. В.
245 ## - Відомості про назву
Назва (НП) Феномен еміграції : досвід філософської рефлексії
Решта назви (НП) монографія
Дані про відповідальність (НП) Т. В. Цимбал
260 ## - Публікація, розповсюдження і т.п. (Вихідні дані)
Дата публікації, розповсюдження і т.п. (П) 2012
Місце публікації, розповсюдження і т.п. (П) Київ ; Кривий Ріг
300 ## - Фізичний опис
Обсяг 396 с.
520 ## - Резюме і т.п.
Резюме, реферат, анотація, тощо (НП) У монографії вперше в історії вітчизняної філософської думки в концептуалізованій формі представлене соціально-філософське розуміння феномену еміграції в контексті авторської концепції буттєвісного укорінення людини. Розкрито сутність еміграції, досліджено генезу та механізм її функціонування в різні історичні періоди, розроблено понятійний апарат, здійснено класифікацію просторової мобільності людей, подано характеристику рушійних сил та особливостей еміграції в різних типах суспільства.
650 ## - Додаткове предметне введення – тематичний термін
Тематичний термін чи географічна назва, як елемент введення (НП) 140 Можливі філософські системи. Системна типологія
700 1# - Додаткове введення – ім'я особи
Ім’я особи (НП) Цимбал Т. В.
942 ## - Додаткові елементи входу (Коха)
Тип елемента Koha Книги
Source of classification or shelving scheme Universal Decimal Classification
955 ## - Код типу видання за змістом
Код типу видання за змістом (НП) Наукові видання
Фонди
Стан вилучень Стан втрат Джерело класифікації або схеми стелажів Стан уражень Не для кредиту Постійне місце розташування Поточне розміщення Дата придбання Джерело придбання Вартість, звичайна ціна покупки Інвентарний номер Усього замовленно Повний номер виклику Штрих-код Дата останнього перегляду Ціна ефективна від Тип елемента Koha Примітка, призначена для загального доступу
    Universal Decimal Classification     Наукова бібліотека ІДУД Наукова бібліотека ІДУД 02/10/2019 Акт надходження № 340/2019 (від Т. Цимбал) 1.00 2139479   140.8 Ц61 2139479 02/10/2019 02/10/2019 Книги Дарувальник Цимбал Т. В.